Student's guide to income-tax 1990-91 : (Record no. 127010)

MARC details
000 -LEADER
fixed length control field 00706nam a22002177a 4500
005 - DATE AND TIME OF LATEST TRANSACTION
control field 20170124110018.0
010 ## - LIBRARY OF CONGRESS CONTROL NUMBER
LC control number A-436496
020 ## - INTERNATIONAL STANDARD BOOK NUMBER
Terms of availability 70.00
International Standard Book Number 8171940099
035 ## - SYSTEM CONTROL NUMBER
System control number A-436496
037 ## - SOURCE OF ACQUISITION
Source of stock number/acquisition Cen Lib/Ret
040 ## - CATALOGING SOURCE
Original cataloging agency DPL
Language of cataloging EN
082 ## - DEWEY DECIMAL CLASSIFICATION NUMBER
Classification number 336.24
Item number SIN
100 ## - MAIN ENTRY--PERSONAL NAME
Personal name Singhania, Vinod K.
9 (RLIN) 12242
245 ## - TITLE STATEMENT
Title Student's guide to income-tax 1990-91 :
Statement of responsibility, etc by Vinod K. Singhania
Remainder of title B.Com/ CA (Inter) /
260 ## - PUBLICATION, DISTRIBUTION, ETC. (IMPRINT)
Place of publication, distribution, etc Delhi
Name of publisher, distributor, etc Taxmann Publications Private Limited
Date of publication, distribution, etc 1990
270 ## - ADDRESS
Address 1871, Kucha Chelan, Khari Baoli
City Delhi
Postal code 110006
300 ## - PHYSICAL DESCRIPTION
Extent various pagings :
Dimensions 21cm(Hb)
Other physical details ill.
650 ## - SUBJECT ADDED ENTRY--TOPICAL TERM
Topical term or geographic name as entry element Economics
9 (RLIN) 88881
650 ## - SUBJECT ADDED ENTRY--TOPICAL TERM
Topical term or geographic name as entry element Public Finance
9 (RLIN) 12243
942 ## - ADDED ENTRY ELEMENTS (KOHA)
Source of classification or shelving scheme Dewey Decimal Classification
Koha item type English Books
Classification part 336.24
Call number suffix SIN
Holdings
Withdrawn status Lost status Damaged status Not for loan Home library Current library Date acquired Source of acquisition Cost, normal purchase price Total Checkouts Full call number Barcode Date last seen Copy number Cost, replacement price Price effective from Koha item type Public note
Written off       Central Library Central Library 27/06/2015 Cen Lib/Ret 70.00   336.24 SIN A-436496 27/06/2015 1 70.00 27/06/2015 English Books W/d list no. 6818/12

© Delhi Public Library
Hit Counter
free hit counter